Ke arah kecemerlangan dan kesejahteraan perkhidmatan awam di alaf baru : Towards an excellent and caring public service for the next millennium: selected speeches of Tan Sri Abdul Halim Ali, Chief Secretary to the Government, Malaysia

Bibliographic Details
Main Author: ABDUL Halim Ali
Format: Book
Published: Kuala Lumpur : INTAN , 1999
Subjects:

MARC

LEADER 00000cam a2200000 7i4500
001 0000000122
005 20020306.0
020 0 0 |a 9679933598 
090 0 0 |a 352.6309595   |b ABD 1999 
100 0 0 |a ABDUL Halim Ali   |f Tan Sri 
245 1 0 |a Ke arah kecemerlangan dan kesejahteraan perkhidmatan awam di alaf baru :   |b Towards an excellent and caring public service for the next millennium: selected speeches of Tan Sri Abdul Halim Ali, Chief Secretary to the Government, Malaysia 
260 0 0 |a Kuala Lumpur :   |b INTAN ,   |c 1999 
300 |a xviii, 251 p. ;   |c 23 cm. 
650 0 0 |a Civil service reform   |z Malaysia 
650 0 0 |a Civil service   |z Malaysia 
650 0 0 |a Information technology   |z Malaysia 
650 0 0 |a ISO 9000 series standards 
650 0 0 |a Quality assurance   |z Malaysia 
650 0 0 |a Speeches, addresses, etc. 
745 0 0 |a Towards an excellent and caring public service for the next millenium 
998 |a JPSM 
999 |a 0000001319   |b Monograph   |c Open Shelf   |e Default branch 
999 |a 0000001334   |b Monograph   |c Open Shelf   |e Default branch 
999 |a 0000003635   |b Monograph   |c Open Shelf   |e Default branch 
999 |a 0000003636   |b Monograph   |c Open Shelf   |e Default branch